000 00517nam a2200181Ia 4500
005 20250326141708.0
008 250326s9999 xx 000 0 und d
037 _aTextbook
040 _aFMSL
_beng
_cFMSL
041 _aeng
_2eng
084 _aX651 M8;5
_qFMSL
100 _aBhalla V K
245 0 _aOct. 87 Stock markets crash and its aftermath
_cBhalla V K; Sharma N A
260 _aNew Delhi
_bNew Delhi, ICFRIER
_c1988
300 _a182p
942 _cTB
_hX651 M8;5
999 _c1291538
_d1291538